Papel del Estado en la reactivación económica (Registro nro. 322039)
[ vista simple ]
| 000 -ENCABEZADO | |
|---|---|
| Número de control [NR] | 00878nam a2200217 4500 |
| 005 - FECHA Y HORA DE LA ÚLTIMA TRANSACCIÓN | |
| control field | 20230127112627.0 |
| 008 - DE LONGITUD FIJA DE DATOS DE ELEMENTOS - INFORMACIÓN GENERAL | |
| Elementos de longitud fija [NR] | 230127s2022 ck a|||gr|||| 00| 0 spa d |
| 020 ## - NUMERO INTERNACIONAL NORMALIZADO PARA LIBROS [R] | |
| Número Internacional Normalizado del libro [NR] | 9789586091121 |
| 040 ## - FUENTE DE CATALOGACION [NR] | |
| Agencia de catalogación original [NR] | CO-BoUCM |
| Idioma de catalogación [NR] | spa |
| Quien Cataloga | Deissy Garcia |
| Quien Clasifica | Deissy Garcia |
| 041 0# - CODIGO DE IDIOMA [R] | |
| Código de idioma para texto/pista de sonido o título separado [R] | Español |
| 245 00 - MENCION DE TITULO [NR] | |
| Título [NR] | Papel del Estado en la reactivación económica |
| Parte restante del título [NR] | diagnósticos y propuestas |
| Mención de responsabilidad, etc. [NR] | editor y compilador Jesús María Molina |
| 260 ## - PUBLICACION, DISTRIBUCION, ETC. (PIE DE IMPRENTA) [R] | |
| Lugar de publicación, distribución, etc. [R] | Bogotá |
| Nombre del editor, distribuidor, etc. [R] | Escuela Superior de Administración Pública ESAP |
| Fecha de publicación, distribución, etc. [R] | 2022 |
| 300 ## - DESCRIPCION FISICA [R] | |
| Extensión [R] | 28,30 páginas |
| 490 0# - MENCION DE SERIE [R] | |
| Mención de serie [R] | La ESAP le propone al país. Perspectivas |
| 504 ## - NOTA DE BIBLIOGRAFIA, ETC. [R] | |
| Nota de bibliografía, etc. [NR] | Incluye referencias bibliográficas |
| 650 ## - ASIENTO SECUNDARIO DE MATERIA - TERMINO TEMATICO [R] | |
| Término temático o nombre geográfico como elemento de entrada [NR] | Desarrollo económico |
| Subdivisión geográfica [R] | Colombia |
| 9 (RLIN) | 28493 |
| 651 ## - ASIENTO SECUNDARIO DE MATERIA - NOMBRE GEOGRAFICO [R] | |
| Nombre geográfico [NR] | Colombia |
| Subdivisión general [R] | Política económica |
| 9 (RLIN) | 27576 |
| 700 ## - ASIENTO SECUNDARIO - NOMBRE PERSONAL [R] | |
| 9 (RLIN) | 132021 |
| Nombre personal [NR] | Molina Giraldo, Jesús María |
| Término de relación [R] | editor |
| 942 ## - ELEMENTOS DE ENTRADA AGREGADOS (KOHA) | |
| Sistema de clasificación | DEWEY |
| Tipo de ítem principal el descrito en 300a | Libro |
| Tema principal | Economía |
| Edición | 1 |
| Clasificación | 338.986 |
| Parte restante de la signatura top. | P214 |
| Título oculto en OPAC | No |
| Total préstamos | Signatura topográfica | Código de barras | Última vez visto | Ejemplar | Costo de reposición | Price effective from | Tipo de ítem | Perdido | Sistema de clasificación | Dañado | No prestable | Tipo de ítem específico | Suprimido | Ubicación habitual | Ubicación actual | Localización | Fecha de creación | Forma de adquisición | Costo |
|---|---|---|---|---|---|---|---|---|---|---|---|---|---|---|---|---|---|---|---|
| 338.986 P214 | 100170626 | 04/12/2025 | Ej.1 | 26000.00 | 27/01/2023 | Libro | DEWEY | Libro | Claustro | Claustro | Mezanine | 27/01/2023 | Donación | 0.00 |